000 01619nam a22003977a 4500
003 CHAP
005 20220329134253.0
008 971013c19731968 r 00010 d
010 _a17921
011 _a18893
035 _a22978
040 _cCHAP
082 _a636.0896
_bH88Y 1968
100 0 0 _aHutyra, Franz.
_957048
245 _aPatología y terapéutica especiales de los animales domésticos
250 _a2 ed.
260 _aBarcelona :
_bLabor,
_c1973 (c.1968)
300 _a2 v.
_b: ilus.
500 _aTrad. de la 11 ed. en alemán
505 _aContenido : v.1 Enfermedades infecciosas, por Rudolf Manninger .- v.2 Enfermedades de los órganos, por Josef Marek
590 _aBATCH-UPD
_b10
_c20130110
_lUCH01
_h1414
590 _aBATCH-UPD
_b10
_c20130410
_lUCH01
_h0859
590 _aBATCH-UPD
_b10
_c20130914
_lUCH01
_h1744
590 _aCONVERSION
_b10
_c20130109
_lUCH01
_h1311
650 1 4 _aPatología veterinaria.
_986194
700 0 _aManninger, Rudolf.
_970525
700 0 _aMarek, Josef.
_971322
901 _aBK
942 _cLIBRO
949 _a636.0896 H88Y 1968
_bBC
_cLIBRO
_d33724000093068
_eLIBRO
_fv.2
_h35443
_i22978
_si
949 _a636.0896 H88Y 1968
_bBC
_cLIBRO
_d33724000093076
_eLIBRO
_fv.2 c.2
_h35444
_i22978
_si
949 _a636.0896 H88Y 1968
_bBC
_cLIBRO
_d33724000093084
_eLIBRO
_fv.2 c.3
_h53550
_i22978
_si
949 _a636.0896 H88Y 1968
_bBC
_cLIBRO
_d33724000868725
_eLIBRO
_fv.1 c.2
_h35442
_i22978
_si
949 _a636.0896 H88Y 1968
_bBC
_cLIBRO
_d33724000920625
_eLIBRO
_fv.1
_h35441
_i22978
_si
949 _a636.0896 H88Y 1968
_bBC
_cLIBRO
_d33724002202644
_eLIBRO
_fv.1 c.3
_h52625
_i22978
_si
999 _c17921
_d17921